Remittances and development lessons from Latin America
Uložené v:
| Ďalší autori: | , |
|---|---|
| Médium: | Kniha |
| Jazyk: | English |
| Vydavateľské údaje: |
Washington, D.C.
<The> World Bank
2008
|
| Edícia: | Latin American development forum series
|
| Predmet: | |
| Tagy: |
Žiadne tagy, Buďte prvý, kto otaguje tento záznam!
|
MARC
| LEADER | 00000nam$a2200000$$$4500 | ||
|---|---|---|---|
| 001 | 0074480 | ||
| 005 | 20240109070956.9 | ||
| 020 | |a 978-0-8213-6870-1 | ||
| 022 | |a 0-8213-6870-2 | ||
| 041 | 0 | |a eng | |
| 044 | |a US | ||
| 245 | 1 | 0 | |a Remittances and development |b lessons from Latin America |c edited by: Pablo Fajnzylber, J. Humberto López |
| 264 | 1 | |a Washington, D.C. |b <The> World Bank |c 2008 | |
| 300 | |a 383 s. | ||
| 490 | 1 | |a Latin American development forum series | |
| 830 | 0 | |a Latin American development forum series | |
| 610 | 2 | 0 | |a krajiny rozvojové |
| 610 | 2 | 0 | |a emigrácia |
| 610 | 2 | 0 | |a peniaze |
| 610 | 2 | 0 | |a rodina |
| 610 | 2 | 0 | |a zásielky poštové |
| 610 | 2 | 0 | |a zárobky |
| 610 | 2 | 0 | |a pomoc finančná |
| 610 | 2 | 0 | |a redukcia chudoby |
| 610 | 2 | 0 | |a rozvoj hospodársky |
| 610 | 2 | 0 | |a kurz devízový |
| 610 | 2 | 0 | |a pomoc rozvojová |
| 610 | 2 | 0 | |a Latinská Amerika |
| 700 | 1 | |a Fajnzylber, Pablo | |
| 700 | 1 | |a López, J. Humberto | |